Anagrammes oiseaux - Statistiques

Statistiques générales
  • Ce quiz a été pris 244 fois
  • Le résultat moyen est 13 sur 26
Statistiques - réponses
Anagramme Oiseau % Correct
Epi Pie
97%
Bues Buse
90%
Urge Grue
87%
Elmer Merle
87%
Gaie Geai
85%
Liage Aigle
84%
Givre Grive
78%
Fanais Faisan
69%
Mangées Mésange
68%
Reins Serin
64%
Malin Milan
58%
Cadran Canard
55%
Caroube Corbeau
43%
Ridée Eider
42%
Clelia Caille
40%
Bites Biset
36%
Scellera Sarcelle
34%
Grisolons Rossignol
29%
Percheur Perruche
28%
Rentes Sterne
28%
Dériver Verdier
27%
Toilent Linotte
26%
Méritant Martinet
25%
Turban Bruant
23%
Branchée Bernache
19%
Replet Petrel
17%
Aucun quiz correspondant
Distribution des résultats
% des personnes avec chaque résultat
Percentile par nombre de réponses
Votre historique - résultats
Vous n’avez pas pris ce quiz